Tous les vainqueurs de Laliga depuis 1928 - Statistiques

Statistiques générales
  • Ce quiz a été pris 887 fois
  • Le résultat moyen est 86 sur 92
Statistiques - réponses
Saison Vainqueur % Correct
2021/2022 Real Madrid
100%
2019/2020 Real Madrid
100%
2016/2017 Real Madrid
100%
2011/2012 Real Madrid
100%
2007/2008 Real Madrid
100%
2006/2007 Real Madrid
100%
2002/2003 Real Madrid
100%
2000/2001 Real Madrid
100%
1996/1997 Real Madrid
100%
1994/1995 Real Madrid
100%
1989/1990 Real Madrid
100%
1988/1989 Real Madrid
100%
1987/1988 Real Madrid
100%
1986/1987 Real Madrid
100%
1985/1986 Real Madrid
100%
1979/1980 Real Madrid
100%
1978/1979 Real Madrid
100%
1977/1978 Real Madrid
100%
1975/1976 Real Madrid
100%
1974/1975 Real Madrid
100%
1971/1972 Real Madrid
100%
1968/1969 Real Madrid
100%
1967/1968 Real Madrid
100%
1966/1967 Real Madrid
100%
1964/1965 Real Madrid
100%
1963/1964 Real Madrid
100%
1962/1963 Real Madrid
100%
1961/1962 Real Madrid
100%
1960/1961 Real Madrid
100%
1957/1958 Real Madrid
100%
1956/1957 Real Madrid
100%
1954/1955 Real Madrid
100%
1953/1954 Real Madrid
100%
1932/1933 Real Madrid
100%
1931/1932 Real Madrid
100%
2022/2023 FC Barcelone
99%
2018/2019 FC Barcelone
99%
2017/2018 FC Barcelone
99%
2015/2016 FC Barcelone
99%
2014/2015 FC Barcelone
99%
2012/2013 FC Barcelone
99%
2010/2011 FC Barcelone
99%
2009/2010 FC Barcelone
99%
2008/2009 FC Barcelone
99%
2005/2006 FC Barcelone
99%
2004/2005 FC Barcelone
99%
1998/1999 FC Barcelone
99%
1997/1998 FC Barcelone
99%
1993/1994 FC Barcelone
99%
1992/1993 FC Barcelone
99%
1991/1992 FC Barcelone
99%
1990/1991 FC Barcelone
99%
1984/1985 FC Barcelone
99%
1973/1974 FC Barcelone
99%
1959/1960 FC Barcelone
99%
1958/1959 FC Barcelone
99%
1952/1953 FC Barcelone
99%
1951/1952 FC Barcelone
99%
1948/1949 FC Barcelone
99%
1947/1948 FC Barcelone
99%
1944/1945 FC Barcelone
99%
1928/1929 FC Barcelone
99%
2020/2021 Atlético Madrid
94%
2013/2014 Atlético Madrid
94%
1995/1996 Atlético Madrid
94%
1976/1977 Atlético Madrid
94%
1972/1973 Atlético Madrid
94%
1969/1970 Atlético Madrid
94%
1965/1966 Atlético Madrid
94%
1950/1951 Atlético Madrid
94%
1949/1950 Atlético Madrid
94%
1940/1941 Atlético Madrid
94%
1939/1940 Atlético Madrid
94%
1945/1946 FC Seville
86%
1934/1935 Betis Seville
85%
2003/2004 Valence CF
78%
2001/2002 Valence CF
78%
1970/1971 Valence CF
78%
1946/1947 Valence CF
78%
1943/1944 Valence CF
78%
1941/1942 Valence CF
78%
1983/1984 Athletic Bilbao
66%
1982/1983 Athletic Bilbao
66%
1955/1956 Athletic Bilbao
66%
1942/1943 Athletic Bilbao
66%
1935/1936 Athletic Bilbao
66%
1933/1934 Athletic Bilbao
66%
1930/1931 Athletic Bilbao
66%
1929/1930 Athletic Bilbao
66%
1981/1982 Real Sociedad
64%
1980/1981 Real Sociedad
64%
1999/2000 Deportivo La Corogne
48%
Aucun quiz correspondant
Distribution des résultats
% des personnes avec chaque résultat
Percentile par nombre de réponses
Votre historique - résultats
Vous n’avez pas pris ce quiz